| 000 | 00735nam a22002177a 4500 | ||
|---|---|---|---|
| 005 | 20131216150935.0 | ||
| 010 | _aB-522371-382 | ||
| 020 |
_a9789380028927 _c195.00 |
||
| 035 | _aB-522371-382 | ||
| 037 |
_bBBB/Ven. _adpl |
||
| 082 | _aS | ||
| 100 | _aFoley, Ryan | ||
| 245 |
_aThe treasured thief / _cby Ryan Foley; edited by Aswathy Senan; illustrated by Sachin Nagar |
||
| 260 |
_aNew Delhi _bKalyani Navyug Media _c2011 |
||
| 270 |
_a101 C, Shiv House, Hari Nagar Ashram _bNew Delhi _e110014 |
||
| 300 |
_a60p. : _c24cm(pbk) _bcol.ill. |
||
| 700 | _aSenan, Aswathy | ||
| 700 | _aNagar, Sachin | ||
| 942 |
_2ddc _cCH _mFOL _hS |
||
| 999 |
_c79142 _d79142 |
||